000 01034nam a2200301 a 4500
001 000110769
003 CHAP
005 20220329144146.0
008 141003s2012 mx |s| |||0|||spa d
010 _a107231
011 _a108203
020 _a9786074944358
040 _cCHAP
090 _aCD-421
245 0 0 _aCenso Nacional de Gobierno 2011 :
_h[Disco compacto]
_bGobiernos Municipales y Delegacionales /
_cpor Instituto Nacional de Estadística, Geografía e Informática.
260 _aAguascalientes, Ags. :
_bINEGI,
_c2012 .
300 _a1 CD ROM ;
_c4 3/4 plg. .
590 _aE5652GLJ
_b05
_c20141003
_lUCH01
_h0936
590 _aE5652GLJ
_b05
_c20141003
_lUCH01
_h0951
590 _aE5652GLJ
_b05
_c20141006
_lUCH01
_h1202
590 _aE5765TAJ
_b05
_c20171108
_lUCH01
_h0921
650 1 4 _aAdministración municipal
_zMéxico
_vEncuestas.
_9124752
650 1 4 _aCensos.
_920990
710 2 _aInstituto Nacional de Estadística, Geografía e Informática. México
_959304
901 _aBK
942 _cCD
942 _n0
999 _c107231
_d107231